Normal view
MARC view
- اعداد بنان كمال نجادات، فاطمه خالد المومني، اسماء الخطيب؛ اشراف غازي الشقاح
Entry Personal Name
001 - CONTROL NUMBER
- control field: 58325
003 - CONTROL NUMBER IDENTIFIER
- control field: JO-AjAnu
005 - DATE AND TIME OF LATEST TRANSACTION
- control field: 20230606083538.0
008 - FIXED-LENGTH DATA ELEMENTS
- fixed length control field: 230606|| aca||aabn | a|a d
040 ## - CATALOGING SOURCE
- Original cataloging agency: JO-AjAnu
- Transcribing agency: JO-AjAnu
100 ## - HEADING--PERSONAL NAME
- Personal name: اعداد بنان كمال نجادات، فاطمه خالد المومني، اسماء الخطيب؛ اشراف غازي الشقاح
670 ## - SOURCE DATA FOUND
- Source citation: Work cat.: (JO-AjAnu)29754: اعداد بنان كمال نجادات، فاطمه خالد المومني، اسماء الخطيب؛ اشراف غازي الشقاح, author, نظام ارشفة ديوان كلية تكنولوجيا المعلومات